Nobody Lyrics (Mitski) - Statistics

General Stats
  • This quiz has been taken 18 times
  • The average score is 145 of 172
Answer Stats
Lyrics % Correct
No
100%
Nobody
100%
Want
100%
A
91%
And
91%
Be
91%
By
91%
I
91%
Me
91%
One
91%
So
91%
To
91%
Alright
82%
Good
82%
I'll
82%
I've
82%
Just
82%
Kiss
82%
Know
82%
Love
82%
Movie
82%
Need
82%
Of
82%
People
82%
Someone
82%
Still
82%
Wants
82%
Will
82%
Been
73%
Big
73%
Destroyed
73%
Did
73%
Feel
73%
Give
73%
Global
73%
God
73%
Hear
73%
I'm
73%
Im
73%
Lonely
73%
Much
73%
My
73%
Oh
73%
Open
73%
Planet
73%
Small
73%
Sounds
73%
The
73%
Too
73%
Warming
73%
Was
73%
Window
73%
Again
64%
Don't
64%
Its
64%
Save
64%
Venus
64%
Coward
55%
For
55%
Guess
55%
Honest
55%
Near
55%
Pity
55%
Your
55%
Asking
45%
Somebody
45%
No matching quizzes found
Score Distribution
Percent of People with Each Score
Percentile by Number Answered
Your Score History
You have not taken this quiz